Cargando...

Applied mathematics for engineers and physicists /

Detalles Bibliográficos
Autor Principal: Pipes, Louis A.
Idioma:Undetermined
Publicado: 1970.
Edición:2,3
Subjects:
LEADER 00805nam a2200181Ia 4500
001 12506
008 170722s9999 xx 000 0 und d
100 |a Pipes, Louis A. 
245 |a Applied mathematics for engineers and physicists / 
250 |a 2,3 
260 |c 1970. 
500 |a Ed3 by Louis A Pipes and Lawrence R Harvill 
653 |a Engineering Mathematics 
942 |c GEN 
999 |c 52254  |d 52254 
952 |0 0  |1 0  |4 0  |6 BOBD_J81J811L0  |7 0  |9 74285  |a LIB  |b LIB  |d 2013-03-25  |o BobD J81-J81;1,L0  |p 69041  |r 2017-08-12  |w 2017-08-12  |y GEN 
952 |0 0  |1 0  |4 0  |6 BOBD_J81J811L0  |7 0  |8 CR  |9 74286  |a LIB  |b LIB  |d 2017-08-12  |h CR  |o BobD J81-J81;1,L0  |p 101012  |r 2017-08-12  |w 2017-08-12  |y GEN 
952 |0 0  |1 0  |4 0  |6 BOBD_J81J811L0  |7 0  |9 74287  |a LIB  |b LIB  |d 2017-08-12  |l 5  |o BobD J81-J81;1,L0  |p 185999  |q 2020-03-16  |r 2020-02-15  |s 2020-02-15  |w 2017-08-12  |y GEN